<?xml version="1.0" encoding="UTF-8"?>
<record
    xmlns:xsi="http://www.w3.org/2001/XMLSchema-instance"
    xsi:schemaLocation="http://www.loc.gov/MARC21/slim http://www.loc.gov/standards/marcxml/schema/MARC21slim.xsd"
    xmlns="http://www.loc.gov/MARC21/slim">

  <leader>02405nam a22002657a 4500</leader>
  <controlfield tag="005">20240305165548.0</controlfield>
  <controlfield tag="007">cr||||   |||| </controlfield>
  <controlfield tag="008">200605s2020    es |||||s|||| 00||0 spa d</controlfield>
  <datafield tag="020" ind1=" " ind2=" ">
    <subfield code="a">978-84-121376-5-1</subfield>
  </datafield>
  <datafield tag="035" ind1=" " ind2=" ">
    <subfield code="a">31714</subfield>
  </datafield>
  <datafield tag="040" ind1=" " ind2=" ">
    <subfield code="a">vLex</subfield>
  </datafield>
  <datafield tag="090" ind1=" " ind2=" ">
    <subfield code="c">10557</subfield>
    <subfield code="d">10557</subfield>
  </datafield>
  <datafield tag="100" ind1="1" ind2=" ">
    <subfield code="a">Oanta, Gabriela A.</subfield>
  </datafield>
  <datafield tag="245" ind1="1" ind2="2">
    <subfield code="a">La construcci&#xF3;n jur&#xED;dica de un espacio mar&#xED;timo com&#xFA;n europeo</subfield>
    <subfield code="h">[Recurso electr&#xF3;nico] /</subfield>
    <subfield code="c">Gabriela A. Oanta, Jos&#xE9; Manuel Sobrino Heredia</subfield>
  </datafield>
  <datafield tag="256" ind1=" " ind2=" ">
    <subfield code="a">Servicio en l&#xED;nea</subfield>
  </datafield>
  <datafield tag="260" ind1=" " ind2=" ">
    <subfield code="a">Barcelona:</subfield>
    <subfield code="b">J.M. Bosch Editor,</subfield>
    <subfield code="c">2020</subfield>
  </datafield>
  <datafield tag="300" ind1=" " ind2=" ">
    <subfield code="a">1 recurso electr&#xF3;nico</subfield>
  </datafield>
  <datafield tag="500" ind1=" " ind2=" ">
    <subfield code="a">La puesta en marcha por la UE, en 2007, de una Pol&#xED;tica mar&#xED;tima integrada, con el objetivo de apoyar el uso sostenible de los mares y oc&#xE9;anos y desarrollar un proceso de toma de decisiones coordinado, coherente y transparente sobre el conjunto de las pol&#xED;ticas sectoriales mar&#xED;timas ya existentes en la UE, est&#xE1; contribuyendo al fortalecimiento de una identidad mar&#xED;tima europea y la creaci&#xF3;n jur&#xED;dica de un espacio mar&#xED;timo com&#xFA;n europeo. Evidentemente, la creaci&#xF3;n jur&#xED;dica de este espacio no es sencilla, pues aspectos importantes del mismo colisionan o pueden colisionar con el n&#xFA;cleo duro de la soberan&#xED;a de los Estados miembros en los &#xE1;mbitos mar&#xED;timos, como se trata de mostrar en distintos apartados del presente libro. Pero, en cambio, en otros no y se podr&#xED;an producir avances que facilitar&#xED;an una gobernanza mar&#xED;tima europea y el crecimiento azul en la UE, como, tambi&#xE9;n, se destaca en esta obra. Esta publicaci&#xF3;n, fruto de la actividad de la Red de Excelencia de Estudios Jur&#xED;dico-Mar&#xED;timos (REDEXMAR),busca analizar las consecuencias jur&#xED;dico-p&#xFA;blicas y jur&#xED;dico-privadas, tanto nacionales como internacionales, derivadas de la creaci&#xF3;n progresiva por la UE de este espacio mar&#xED;timo com&#xFA;n europeo.</subfield>
  </datafield>
  <datafield tag="506" ind1="1" ind2=" ">
    <subfield code="a">Disponible solo en los productos indicados</subfield>
    <subfield code="d">vLex Global</subfield>
    <subfield code="d">vLex Global (Academic Edition, excluding Law Schools)</subfield>
    <subfield code="d">vLex Global (U.S. Academic Edition, Law Schools)</subfield>
    <subfield code="d">vLex Global (U.S. Academic Edition, excluding Law Schools)</subfield>
    <subfield code="d">vLex Global (Academic Edition, Law Schools)</subfield>
  </datafield>
  <datafield tag="650" ind1="0" ind2="4">
    <subfield code="a">Derecho Internacional</subfield>
    <subfield code="z">Espa&#xF1;a</subfield>
  </datafield>
  <datafield tag="700" ind1="1" ind2=" ">
    <subfield code="a">Sobrino Heredia, Jos&#xE9; Manuel</subfield>
  </datafield>
  <datafield tag="740" ind1="0" ind2=" ">
    <subfield code="a">vLex Libros (Servicio en l&#xED;nea)</subfield>
  </datafield>
  <datafield tag="856" ind1="4" ind2="0">
    <subfield code="u">https://app.vlex.com/#/sources/construccion-juridica-de-un-espacio-maritimo-comun-europeo-31714</subfield>
  </datafield>
  <datafield tag="942" ind1=" " ind2=" ">
    <subfield code="c">RAA</subfield>
  </datafield>
  <datafield tag="952" ind1=" " ind2=" ">
    <subfield code="0">0</subfield>
    <subfield code="1">0</subfield>
    <subfield code="4">0</subfield>
    <subfield code="7">0</subfield>
    <subfield code="8">VLEX</subfield>
    <subfield code="9">326753</subfield>
    <subfield code="a">BD-UIN</subfield>
    <subfield code="b">BD-UIN</subfield>
    <subfield code="d">2024-03-05</subfield>
    <subfield code="l">0</subfield>
    <subfield code="p">31714</subfield>
    <subfield code="r">2024-03-05</subfield>
    <subfield code="w">2024-03-05</subfield>
    <subfield code="y">RAA</subfield>
  </datafield>
  <datafield tag="999" ind1=" " ind2=" ">
    <subfield code="c">168793</subfield>
    <subfield code="d">168793</subfield>
  </datafield>
</record>
